000 00616nam a2200205 4500
008 b le fre u
040 _aLB-BrCRDP
082 1 _aM. EB2
_bCha
100 1 _aChaoui, André
245 1 0 _aObjectif Sciences
_cAndré Chaoui
260 _aBeirut
_bHachette Edicef / librairie Antoine
490 0 _aObjectif
650 4 _aLes plantes et l'environnement
650 4 _aLes animaux et l'environnement
650 4 _al'homme et la santé
650 4 _aLa matière et l'énergie
650 4 _aLa terre et l'univers
942 _cBK
999 _c7800
_d7800